000
00322pab a2200133 454500
008
180718b1986 xxu||||| |||| 00| 0 eng d
100
_a
Munjee, Nasser
245
_a
Conceptualising a viable housing finance system
260
_c
1986
300
_a
47-50
650
_a
Housing - Finance
773
_a
Capital
909
_a
9880
999
_c
9880
_d
9880